000 00309nam a22001337a 4500
008 171004b xxu||||| |||| 00| 0 eng d
020 _a9780071402538
041 _aeng
080 _a159.9
100 _a48
101 _aPSI
245 _aAPLLETON LANGR REWIEV PSYCHIATRY
_cORANSKY.I
942 _2udc
_cBK
999 _c31680
_d31680